Cliquez sur la forme du département - N°3 - Statistiques

Statistiques générales
  • Ce quiz a été pris 83 fois
  • Le résultat moyen est 12 sur 16
Statistiques - réponses
Hint Réponse % Correct
Meurthe-et-Moselle
95%
Deux-Sèvres
86%
Pas-de-Calais
86%
Yvelines
81%
Loire-Atlantique
81%
Loire
77%
Côtes-d'Armor
77%
Ardennes
75%
Vaucluse
73%
Savoie
70%
Haute-Vienne
69%
Tarn
69%
Hautes-Pyrénées
69%
Haute-Saône
66%
Aube
61%
Lot-et-Garonne
58%
Aucun quiz correspondant
Distribution des résultats
% des personnes avec chaque résultat
Percentile par nombre de réponses
Votre historique - résultats
Vous n’avez pas pris ce quiz